000 00784nam a2200265 i 4500
001 bg
100 1 _aGalster, Jan
_d(1954- ).
245 1 0 _aPodstawy europejskiego prawa wspólnotowego :
_bzarys wykładu /
_cJan Galster, Cezary Mik.
250 _a[Wyd. 1
_a(dodr.)].
260 _aToruń :
_b"Comer",
_c1996.
300 _a356, [1] s. ;
_c24 cm.
500 _aU góry okł. : Nowe prawo.
504 _aBibliogr. s. 347-348.
610 2 9 _aPrawo wspólnotowe europejskie
610 2 9 _aUnia Europejska
655 _aPodręczniki akademickie
700 1 _aMik, Cezary.
020 _a838514935X
040 _cBPK
041 0 _apl
080 _a341.12:339.923:061.1A/Z](4-67)(075.8)
920 _a83-85149-35-X
942 _cKS
008 s pl f |000 0 pol
999 _c31812
_d31812
856 _uhttp://koha.tu.koszalin.pl/cgi-bin/koha/opac-detail.pl?biblionumber=31812
_yKatalog online BPK